UITU Library & LRC     

Digital Signal Processing: fundamentals and applications (Record no. 10985)

MARC details
000 -LEADER
fixed length control field 00485nam a2200181Ia 4500
008 - FIXED-LENGTH DATA ELEMENTS--GENERAL INFORMATION
fixed length control field 240925s9999 xx 000 0 und d
020 ## - INTERNATIONAL STANDARD BOOK NUMBER
International Standard Book Number 9788131215197
082 ## - DEWEY DECIMAL CLASSIFICATION NUMBER
Classification number 621.3822 TAN
100 ## - MAIN ENTRY--PERSONAL NAME
Personal name Tan, Li
245 #0 - TITLE STATEMENT
Title Digital Signal Processing: fundamentals and applications
250 ## - EDITION STATEMENT
Edition statement NA
260 ## - PUBLICATION, DISTRIBUTION, ETC.
Place of publication, distribution, etc. New York:
Name of publisher, distributor, etc. Academy Press
Date of publication, distribution, etc. ,2008.
300 ## - PHYSICAL DESCRIPTION
Extent viii,511p.
Other physical details N.A
Type of unit Original
500 ## - GENERAL NOTE
General note NA
600 ## - SUBJECT ADDED ENTRY--PERSONAL NAME
Personal name Telecommunication Engineering
650 ## - SUBJECT ADDED ENTRY--TOPICAL TERM
Topical term or geographic name entry element Technology
942 ## - ADDED ENTRY ELEMENTS (KOHA)
Koha item type Books
Holdings
Withdrawn status Lost status Damaged status Not for loan Collection Home library Current library Date acquired Source of acquisition Cost, normal purchase price Total checkouts Full call number Barcode Date last seen Price effective from Koha item type
        Electrical Engineering UITU Library UITU Library 12/02/2010 F.B.C 300.00   621.3822 TAN Q8486 09/25/2024 09/25/2024 Books

Powered by Koha